000 00685nam a22001937a 4500
005 20130508112120.0
010 _aENG-106997
020 _a9788170006534
_c2050.00
035 _aEN-90530
037 _bDBAD/PUB
082 _a020
245 _aRanganathanism & knowledge society :
_brelevance of Dr. S.R. Ranganathan in the present day knowledge society and other essays / /
_cedited by N.R. Satyanarayana
260 _aNew Delhi
_bESS ESS Publications
_c2011
270 _a4837/24, Ansari Road, Daryaganj
_bNew Delhi
_e110002
300 _axviii, 714p.:
_bill.
_c23cm(Hb)
500 _aIncludes index
700 _aSatyanarayana, N.R.
942 _2ddc
_cEN
_h020
_mRAN
999 _c75172
_d75172